000 02117nam a22004697a 4500
001 414
003 FISKH
005 20250702153331.0
008 230410b cb ||||| |||| 00| 0 eng d
020 _a9780545150606
035 _a(OCoLC)ocn310398663
040 _aBTCTA
_cBTCTA
_dBRL
_dGO3
_dXY4
_dZHX
_dVP@
_dDLC
_dFISKH
_beng
041 1 _aeng
_hita
042 _alccopycat
050 0 0 _aPZ7
_b.T3386 2009
082 0 0 _a853.914
_223
100 1 _aStilton, Thea.
240 1 0 _aMontagna parlante.
_lEnglish
245 1 0 _aThea Stilton and the mountain of fire /
_c[text by Thea Stilton ; with assistance from Shorty Tao ; cover by Manuela Razzi and Ketty Formaggio ; illustrations by Massimo Asaro ... et al.].
260 _aNew York :
_bScholastic,
_c2009.
300 _a159 pages. :
_bcol. ill., col. maps ;
_c20 cm.
490 0 _aGeronimo Stilton
505 _aK
520 _a"An adventure down under! Moldy mozzarella! A flock of sheep at Nicky's family's Australian ranch was losing all its wool, and no one knew why. Nicky and her friends the Thea Sisters headed to Australia and set off on a tour of the whole country in serch of clues. What happened next turned out to be a truly memorable outback adventure!" -- P. [4] of cover.
521 1 _a580
_bLexile
521 1 _aK
_bRaz-Plus
600 1 0 _aStilton, Geronimo
_vJuvenile fiction.
600 1 0 _aStilton, Thea
_vJuvenile fiction.
650 0 _aMice
_vJuvenile fiction.
650 0 _aRanches
_zAustralia
_vJuvenile fiction.
650 1 _aMice
_vFiction.
655 7 _aAdventure fiction.
_2gsafd
700 1 _aStilton, Thea.
700 1 _aRazzi, Manuela,
_eill.
700 1 _aFormaggio, Ketty,
_eill.
700 1 _aAsaro, Massimo,
_eill.
856 4 2 _3Publisher description
_uhttp://www.loc.gov/catdir/enhancements/fy1116/2010277176-d.html
856 4 2 _3Contributor biographical information
_uhttp://www.loc.gov/catdir/enhancements/fy1301/2010277176-b.html
906 _a7
_bcbc
_ccopycat
_d2
_encip
_f20
_gy-gencatlg
942 _2ddc
_cBK
_n0
999 _c414
_d414